Culture Générale. Niveau: DIFFICILE - Statistiques

Statistiques générales
  • Ce quiz a été pris 646 fois
  • Le résultat moyen est 7 sur 10
Statistiques - réponses
Questt Réponse % Correct
Quelle est la langue officielle du Brésil ? Le Portugais
94%
Quel pays est connu comme le pays du soleil levant ? Le Japon
93%
Quel est le tableau le plus volé au monde ? La Joconde
90%
Qui a écrit "Le petit Prince" ? Antoine de Saint-Exupéry
84%
Quelle est la capitale de l'Islande ? Reykjavik
78%
Quelle est la plus haute montagne d'Afrique ? Le Kilimandjaro
73%
Quel est le symbole chimique de l'Or ? Au
69%
Quel le nom de l'auteur du roman "1984" ? Georges Orwell
69%
Quelle guerre a été causée par un différend territorial entre le Royaume-Uni et l'Argentine en 1982 ? La guerre des Malouines
40%
Qui a découvert la pénicilline ? Alexander Fleming
37%
Aucun quiz correspondant
Distribution des résultats
% des personnes avec chaque résultat
Percentile par nombre de réponses
Votre historique - résultats
Vous n’avez pas pris ce quiz